000 00958nam a2200313 i 4500
001 26569
003 ES-MaBCM
005 20241016094722.0
008 931108s1993 esp 000 0 spa d
017 _aM.22271-1993
020 _a84-7392-341-3
021 _axx
035 _a(OCoLC)1055132153
040 _cES-MaBCM
041 0 _aspa
043 _aesp
080 _a16:946.0"1931/1936"
100 1 _aNúñez Pérez, María Gloria
_933919
245 1 0 _aBibliografía comentada sobre la II república española (1931-1936)
_b: obras publicadas entre 1940 y 1992
_cMaría Gloria Núñez Pérez
260 _aMadrid :
_bFundación Universitaria Española,
_c1993
300 _a534 p.
_c24 cm
440 0 _aArchivo II república española en el exilio
_997654
_v3
650 2 7 _aHistoria
_958878
650 2 4 _a1931-1936
_956579
651 2 4 _aEspaña
_9115342
655 _aBibliografía
_9117068
942 _cBK
999 _c26569
_d26569
655 _aBibliografía
_9117068